• 首页
  • 本馆介绍
  • 公告通知
  • 最新文献
  • 馆藏检索
  • 电子资源
  • 读者导购
  • 参考咨询
  • 我的图书馆
  • 登录
  • 详细信息显示
  • 放入我的书架
  • 预约/预借图书
  • 作者相关作品
  • 分类相关作品
  • 丛书相关作品
  • 出版社相关作品

书目信息

  • 表格格式
  • 工作单格式
  • 卡片格式
题名:
基础医学问答
    
 
作者: ;河北新医大学赤脚医生参考丛书编写组 编
分册: 1   总论
出版信息: 北京   人民卫生出版社  1975
页数: 346页
开本: 20cm
丛书名: 赤脚医生参考丛书
单 册:
中图分类: R331
科图分类:
主题词: 人体生理学
电子资源:
ISBN:
000 00756nam2 2200241 45
001 0175003850
005 20070922164337.56
010    @dCNY0.66
100    @a19951011d1975 em y0chiy0121 ea
101 0  @achi
102    @aCN@b110000
105    @ay z 000yy
200 10 @a基础医学问答@Aji chu yi xue wen da@h1@i总论@f河北新医大学《赤脚医生参考丛书》编写组编
210    @a北京@c人民卫生出版社@d1975
215    @a346页@d20cm
225 2  @a赤脚医生参考丛书
410  0 @120010@a赤脚医生参考丛书
606    @a人体生理学
690    @aR331@v3
711 02 @a河北新医大学赤脚医生参考丛书编写组@Ahe bei xin yi da xue chi jiao yi sheng can kao cong shu bian xie zu@4编
801  0 @aCN@bTSSF@c20070922
801  2 @aCN@bNLC@c20061121
905    @a10447@dR331@e2:1
    
    基础医学问答.1.总论/河北新医大学《赤脚医生参考丛书》编写组编.-北京:人民卫生出版社,1975
    346页;20cm.-(赤脚医生参考丛书)
    
    
    ISBN :CNY0.66
    
●
相关链接 在E读中查询图书 在五车中查询图书 在当当中查询图书 在豆瓣中查询图书


正题名:基础医学问答     索取号:R331/2:1         预约/预借

序号 登录号 条形码 馆藏地/架位号 状态 备注
1 0021092   000708256   第二样本阅览室/ [索取号:R331/2:1] 在馆    
2 626060   206260605   密集书库/ [索取号:R331/2:1] 在馆    
唐山师范学院图书馆 欢迎您!
大连网信软件有限公司© 版权所有